| 000 | 01011cam a2200277 i 4500 | ||
|---|---|---|---|
| 001 | 64371 | ||
| 003 | Mx-PuUPA | ||
| 005 | 20220805115653.0 | ||
| 008 | 160322s2012 mx d g 000 0 spa d | ||
| 020 | _a9786071711717 | ||
| 040 |
_aMx-PuUPA _bspa _erda _cMx-PuUPA _dMx-PuUPA |
||
| 041 | 0 | _aspa | |
| 100 | 1 |
_911928 _aCortés Padilla, María Teresa, _eautor |
|
| 245 | 1 | 0 |
_aMetodología de la investigación / _cMaría Teresa Cortés Padilla |
| 250 |
_aPrimera edición / _bmayo |
||
| 264 | 1 |
_aMexico, D.F. : _bEditorial Trillas, _c©2012 |
|
| 300 |
_a175 páginas : _bgráficas ; _c23 cm |
||
| 336 |
_atexto _btxt _2rdacontent |
||
| 337 |
_asin medio _bn _2rdamedia |
||
| 338 |
_avolumen _bnc _2rdacarrier |
||
| 505 | _gCaracterísticas del conocimiento científico ; Preguntas de investigación ; Técnicas e instrumentos para recabar información | ||
| 650 | 7 |
_aInvestigación _xMetodología _2armarc |
|
| 942 |
_2ddc _cLI _h001.42 _iC787 |
||
| 999 |
_c64371 _d64371 |
||